000 00870nas a2200277 4500
001 BR0802412
003 BR-BrBNA
005 20231205111957.0
007 ta
008 230509b bl.|||p| |||| 00| 00por d
040 _aBR-BrBNA
_bpor
_cBiblioteca Nacional de Agricultura
041 _a(En)
072 _aQ03
100 1 _aCruz, R.S.
100 1 _aSoares, N. de F.F.
100 1 _aAndrade, N.J. de
245 1 _aEvaluation of oxygen absorber on antimicrobial preservation of lasagna-type fresh pasta under vacuum packed
650 _aMASSA
650 _aEMBALAGEM
650 _aCONTAMINAÇÃO
650 _aANÁLISE MICROBIOLÓGICA
650 _aSEGURANÇA ALIMENTAR
773 0 _tCiência e Agrotecnologia (Brazil)
_xISSN 1413-7054
_g(Nov-Dec 2006), v.30(6) p. 1135-1138
_wBR0802412
909 _a202311
_bLúcia
_c55
_dLúcia Elande
942 _2AGRIS
_n0
_cANA
999 _c195431
_d195431